000 00411nam a2200157Ia 4500
005 20250508153607.0
008 008 250505s9999 xx 000 0 eng d
037 _aPeriodicals
040 _aFEDL
_beng
_cFEDL
041 _aeng
_2eng
084 _qFEDL
245 0 _aJournal of child psychology and psychiatry and allied disciplines. Vols
490 _vVol 3
942 _cCR
999 _c1344215
_d1344215